00452nam a2200121Ia 4500008004100000245018900041260001700230260000900247300000900256650002300265650001200288856003000300170516s9999 xx 000 0 und d aDongxi Xiang, Conglong Zheng, Shu-Feng Zhou, Shuxi Qiao, Phuong Ha-Lien Tran, Chunwen Pu, Yong Li, Lingxue Kong, Abbas Z. Kouzani, Jia Lin, Ke Liu, Lianhong Li, Sarah Shigdar, Wei Duan bTheranostics c2015 a5:10 xMedical Technology xMedtech uhttp://www.thno.org/v5i10